[Event "Solingen-ch 2014"]
[Site "Solingen"]
[Date "2014.12.05"]
[Round "7.3"]
[White "Peschel, Andreas"]
[Black "Kesseler, Heiko"]
[Result "0-1"]
[WhiteElo "2117"]
[BlackElo "1947"]
[PlyCount "154"]
[EventDate "2014.??.??"]
[WhiteTeam "SG Solingen"]
[BlackTeam "Elberfelder SG"]

1. d4 Nf6 2. Nf3 e6 3. c4 b6 4. g3 Bb7 5. Bg2 Bb4+ 6. Bd2 Qe7 7. O-O Bxd2 8.
Qxd2 O-O 9. Nc3 d6 10. Nh4 Bxg2 11. Kxg2 c5 12. d5 Nbd7 13. Rad1 exd5 14. Nf5
Qe5 15. Nxd5 Nxd5 16. Qxd5 Nf6 17. Qxe5 dxe5 18. Rd6 Rfe8 19. Rfd1 Kf8 20. Kf3
Ng8 21. Rd7 g6 22. Nd6 Re7 23. Nb5 Nf6 24. Rd8+ Re8 25. R8d6 Ke7 26. Nc7 Red8
27. Rxd8 Rxd8 28. Rxd8 Kxd8 29. Nb5 a6 30. Nd6 Kd7 31. Nxf7 Ke6 32. Ng5+ Kf5
33. h4 e4+ 34. Kg2 Ke5 35. e3 h5 36. a4 Nd7 37. Kf1 Nb8 38. Nh3 Nc6 39. Ke2 Na5
40. Kd2 Nxc4+ 41. Kc3 Nd6 42. Nf4 Kf5 43. Nd5 b5 44. Nc7 b4+ 45. Kd2 a5 46. Na6
Nb7 47. b3 Kg4 48. Ke2 g5 49. hxg5 Kxg5 50. Nc7 c4 51. Ne6+ Kf6 52. Nd4 c3 53.
f3 Ke5 54. f4+ Kf6 55. Kd1 Nc5 56. Kc2 Nb7 57. Nc6 Kf5 58. Ne5 Nd8 59. Nc4 Nb7
60. Ne5 Nd8 61. Nc4 Nb7 62. Ne5 Kf6 63. Nc4 Kg6 64. Kd1 Kf5 65. Ne5 Nc5 66. Kc2
Nb7 67. Nc4 Kg4 68. Kd1 Kxg3 69. f5 h4 70. Nxa5 Nd6 71. Nb7 Nxf5 72. a5 Nxe3+
73. Ke2 Nd5 74. a6 c2 75. Kd2 e3+ 76. Kxc2 e2 77. a7 Nb6 0-1

[Event "Solingen-ch 2014"]
[Site "Solingen"]
[Date "2014.12.05"]
[Round "7.4"]
[White "Speck, Stefan"]
[Black "Fränzel, Dr. Marius"]
[Result "1/2-1/2"]
[WhiteElo "1981"]
[BlackElo "1840"]
[PlyCount "142"]
[EventDate "2014.??.??"]
[WhiteTeam "SC Solingen 28"]
[BlackTeam "SG Solingen"]

1. d4 d5 2. Nf3 Nf6 3. e3 a6 4. b3 Bg4 5. Bb2 e6 6. Be2 Bd6 7. c4 c6 8. Nbd2
Nbd7 9. Rc1 O-O 10. h3 Bh5 11. O-O Re8 12. Ne5 Bxe2 13. Qxe2 Bb4 14. Ndf3 Qa5
15. Ng5 Re7 16. Qc2 Bd6 17. Bc3 Qd8 18. Rfd1 Rc8 19. Qe2 Nf8 20. Qe1 h6 21.
Ngf3 Ne4 22. Bb2 Nh7 23. Qe2 Qe8 24. Nd2 Nxd2 25. Rxd2 f6 26. Nf3 Qh5 27. Ne1
Qg6 28. Nf3 Qh5 29. Ne1 Qg6 30. Nf3 Bb4 31. Rdc2 Rce8 32. a3 Bd6 33. b4 dxc4
34. Qxc4 Kh8 35. a4 Ng5 36. Nxg5 Qxg5 37. Bc3 Rc7 38. Qe2 b5 39. a5 Rec8 40.
Bd2 Qd5 41. Qf3 Qxf3 42. gxf3 e5 43. dxe5 Bxe5 44. Bc3 Bd6 45. Bd4 Kg8 46. Bc5
Rd7 47. Rd1 Bh2+ 48. Kxh2 Rxd1 49. Kg2 Kf7 50. f4 f5 51. Kf3 g6 52. Ke2 Rd7 53.
Rc1 Re8 54. Kf3 Re6 55. h4 h5 56. Rc2 Rd5 57. Rc1 Rd2 58. Rc3 Ke8 59. Rc1 Kd7
60. Rg1 Ke8 61. Rc1 Kf7 62. Rc3 Rd1 63. Rc2 Re8 64. Bd4 Rc8 65. Bc5 Rcd8 66.
Bd4 Rd6 67. Be5 Re6 68. Bd4 Rh1 69. Kg3 Rg1+ 70. Kh3 Rb1 71. Bc5 Rd1 1/2-1/2

[Event "Solingen-ch 2014"]
[Site "Solingen"]
[Date "2014.12.05"]
[Round "7.5"]
[White "Nguyen, Gia Huy Philipp"]
[Black "Pentz, Jörg"]
[Result "0-1"]
[WhiteElo "1826"]
[BlackElo "1946"]
[PlyCount "96"]
[EventDate "2014.??.??"]
[WhiteTeam "SG Solingen"]
[BlackTeam "SG Solingen"]

1. e4 c6 2. Nc3 d5 3. Nf3 dxe4 4. Nxe4 Bg4 5. h3 Bxf3 6. Qxf3 Nd7 7. d4 Ngf6 8.
Bc4 e6 9. Bg5 Be7 10. O-O-O Nxe4 11. Bxe7 Qxe7 12. Qxe4 O-O-O 13. Rhe1 Nf6 14.
Qe5 Rd7 15. d5 Qc5 16. Bb3 exd5 17. Qf5 Kc7 18. Kb1 Qd6 19. c4 g6 20. Qf3 c5
21. cxd5 Rhd8 22. Qc3 b6 23. Qf3 Re7 24. Rxe7+ Qxe7 25. Qf4+ Qd6 26. Qf3 Rd7
27. Ba4 Re7 28. Bb3 Ne4 29. Bc2 Nf6 30. Bb3 {(=)} Kd8 31. Ba4 Re5 32. Bb3 Rf5
33. Qe3 Re5 34. Qf3 Ke7 35. g4 Kf8 36. Qf4 b5 37. a4 a6 38. Qf3 c4 39. Bc2 Nxd5
40. Be4 Rxe4 41. Qxe4 Nc3+ 42. bxc3 Qxd1+ 43. Kb2 Qb3+ 44. Kc1 Qxc3+ 45. Kd1 b4
46. Qa8+ Kg7 47. Qxa6 b3 48. Qd6 b2 0-1

[Event "Solingen-ch 2014"]
[Site "Solingen"]
[Date "2014.12.05"]
[Round "7.6"]
[White "Skiber, Friedel"]
[Black "Grah, Ulrich"]
[Result "1/2-1/2"]
[WhiteElo "1737"]
[BlackElo "1979"]
[PlyCount "57"]
[EventDate "2014.??.??"]
[WhiteTeam "SG Solingen"]
[BlackTeam "SG Solingen"]

1. e4 e6 2. d4 d5 3. Nc3 Bb4 4. e5 Ne7 5. Qg4 c5 6. a3 Bxc3+ 7. bxc3 Qc7 8. Nf3
cxd4 9. Qxd4 Nf5 10. Bb5+ Bd7 11. Bxd7+ Nxd7 12. Qd3 Rc8 13. Bd2 Nxe5 14. Qb5+
Nd7 15. O-O Nd6 16. Qe2 Ne4 17. Be3 O-O 18. Nh4 Nxc3 19. Qg4 f5 20. Qh3 d4 21.
Bd2 Ne4 22. Bb4 Rfe8 23. Nf3 g5 24. Be1 Qb6 25. Rd1 Rc4 26. Rd3 Qc5 27. c3 Ne5
28. cxd4 Nxf3+ 29. gxf3 1/2-1/2

[Event "Solingen-ch 2014"]
[Site "Solingen"]
[Date "2014.12.05"]
[Round "7.7"]
[White "Kaiser, Stephan"]
[Black "Mentzel, Markus"]
[Result "0-1"]
[WhiteElo "1467"]
[BlackElo "1952"]
[PlyCount "103"]
[EventDate "2014.??.??"]
[WhiteTeam "SG Solingen"]
[BlackTeam "SG Solingen"]

1. d4 d5 2. c4 c6 3. Nc3 Nf6 4. Bf4 dxc4 5. e3 b5 6. a3 Nd5 7. Bg3 e6 8. Nf3
Nd7 9. Be2 Be7 10. O-O O-O 11. Qc2 Bb7 12. Ne4 Qb6 13. Rfc1 Rfc8 14. Nd6 Bxd6
15. Bxd6 c5 16. Bg3 cxd4 17. Nxd4 N5f6 18. Qd1 Nc5 19. f3 Rd8 20. Qf1 Rxd4 21.
exd4 Nb3 22. Bf2 Nxc1 23. Rxc1 Bd5 24. Qe1 h6 25. Qd2 Ne8 26. h3 a5 27. Kh1 Nd6
28. Bg3 Nf5 29. Bf2 Rb8 30. Bd1 Ne7 31. Bc2 b4 32. axb4 axb4 33. Be4 Rc8 34.
Be1 Nc6 35. Bf2 Na5 36. Bc2 Qb7 37. Be1 Nc6 38. Bf2 Na5 39. Be1 Rb8 40. Bg3 Rd8
41. Be1 Nc6 42. Ba4 b3 43. Bxc6 Qxc6 44. Qa5 Ra8 45. Qc3 Ra4 46. Bg3 Qa8 47.
Qe1 Ra2 48. Rb1 Qd8 49. Qb4 Qg5 50. Kh2 Qg6 51. Qe1 Qc2 52. Qc1 {
Zeitüberschreitung} 0-1

[Event "Solingen-ch 2014"]
[Site "Solingen"]
[Date "2014.12.05"]
[Round "7.8"]
[White "Vranidis, Athanassios"]
[Black "Ferger, Jürgen"]
[Result "1/2-1/2"]
[WhiteElo "1890"]
[BlackElo "1822"]
[PlyCount "53"]
[EventDate "2014.??.??"]
[WhiteTeam "SG Solingen"]
[BlackTeam "SG Solingen"]

1. d4 Nf6 2. c4 g6 3. Nc3 Bg7 4. e4 d6 5. f3 Bd7 6. Be3 Na6 7. Qd2 c5 8. Nge2
Qa5 9. Nc1 cxd4 10. Bxd4 Nc5 11. a3 Ne6 12. b4 Qc7 13. Nd5 Nxd5 14. Bxg7 Nxg7
15. cxd5 Rc8 16. Bd3 O-O 17. Na2 Qb6 18. Ke2 Rc7 19. Rhc1 Rfc8 20. Qe3 Qxe3+
21. Kxe3 Kf8 22. Rxc7 Rxc7 23. Rc1 Rxc1 24. Nxc1 e5 25. Ne2 Ke7 26. Nc3 f5 27.
g3 1/2-1/2

[Event "Solingen-ch 2014"]
[Site "Solingen"]
[Date "2014.12.05"]
[Round "7.9"]
[White "Alexopoulos, Dr. Spiros"]
[Black "Sherif, Amina"]
[Result "0-1"]
[WhiteElo "1745"]
[BlackElo "1880"]
[PlyCount "40"]
[EventDate "2014.??.??"]
[WhiteTeam "Aachener SV"]
[BlackTeam "SG Solingen"]

1. c4 e6 2. e4 d5 3. cxd5 exd5 4. exd5 Nf6 5. Nc3 Nxd5 6. g3 Nb4 7. a3 Qe7+ 8.
Be2 Nd3+ 9. Kf1 Bf5 10. Nf3 Nd7 11. Kg2 O-O-O 12. Qa4 Kb8 13. Nd4 Qc5 14. Bxd3
{(=)} Bxd3 15. Re1 Nb6 16. Re8 Be7 17. Rxd8+ Rxd8 18. Qb3 Qxd4 19. Qxf7 Rf8 20.
Qxe7 Qxf2+ 0-1

[Event "Solingen-ch 2014"]
[Site "Solingen"]
[Date "2014.12.05"]
[Round "7.10"]
[White "Müller, Ernst"]
[Black "Rosenauer, Horst"]
[Result "0-1"]
[WhiteElo "1728"]
[BlackElo "1951"]
[PlyCount "98"]
[EventDate "2014.??.??"]
[WhiteTeam "SG Solingen"]
[BlackTeam "Bergische SF"]

1. e4 e5 2. Nf3 Nc6 3. Bc4 Nf6 4. Ng5 d5 5. exd5 Na5 6. d3 h6 7. Nf3 Nxc4 8.
dxc4 Bd6 9. h3 O-O 10. Be3 b6 11. O-O Bf5 12. Re1 Re8 13. a3 a5 14. Nc3 Bg6 15.
Qd2 Qd7 16. Kh1 Qf5 17. Rac1 e4 18. Nh2 Qe5 19. Nf1 Qh5 20. Bf4 Bc5 21. Qe2 Qf5
22. Qd2 Re7 23. Ng3 Qd7 24. Qe2 Rae8 25. Be3 Bd6 26. Bd4 Be5 27. Qe3 Qd8 28.
Rcd1 Kh7 29. Re2 Bxg3 30. fxg3 Nd7 31. Rf2 f5 32. Rdf1 Ne5 33. b3 Nf7 34. Ne2
Nd6 35. Nf4 Bf7 36. a4 g5 37. Ne2 Bh5 38. c5 f4 39. gxf4 Nf5 40. Qc3 e3 41. Rf3
Bxf3 42. Rxf3 Qxd5 43. Qd3 Kg8 44. c4 Qe4 45. Qxe4 Rxe4 46. Be5 bxc5 47. g4 Nd4
48. Nc3 R4xe5 49. fxe5 Nxf3 0-1

[Event "Solingen-ch 2014"]
[Site "Solingen"]
[Date "2014.12.05"]
[Round "7.11"]
[White "Reif, Frank"]
[Black "Möller, Laura"]
[Result "1-0"]
[WhiteElo "1752"]
[BlackElo "1163"]
[PlyCount "135"]
[EventDate "2014.??.??"]
[WhiteTeam "TV Witzhelden"]
[BlackTeam "SG Solingen"]

1. e4 c5 2. Nf3 Nc6 3. d4 cxd4 4. Nxd4 g6 5. Be3 Bg7 6. Nc3 Nf6 7. Bc4 O-O 8.
Bb3 e5 9. Nde2 Ng4 10. Bd2 Nd4 11. Nxd4 exd4 12. Nd5 d6 13. O-O Ne5 14. h3 d3
15. c3 b6 16. f4 Nc6 17. Bc4 Be6 18. Bxd3 Bxd5 19. exd5 Ne7 20. Qf3 Qc7 21. Be3
Rfe8 22. Rfe1 Qd7 23. a4 a6 24. Bc2 Rab8 25. Rad1 Nf5 26. Bd2 b5 27. axb5 Qxb5
28. Bc1 Qc5+ 29. Kh1 Rxe1+ 30. Rxe1 Nd4 31. Qf2 Nxc2 32. Qxc2 Qxd5 33. Qa4 Qb5
34. Qe4 Kf8 35. Qe7+ Kg8 36. Qxd6 Bf8 37. Qe5 Qb3 38. Qe2 a5 39. Qd1 Qxd1 40.
Rxd1 Rb3 41. Rd4 Bc5 42. Ra4 Bb6 43. Rc4 Kg7 44. Kh2 Rb5 45. Rc6 Bc5 46. Kg3
Be7 47. Kf3 Rd5 48. Ke2 h5 49. Be3 Rb5 50. Bd4+ Kh6 51. Rb6 Rf5 52. Ke3 a4 53.
Rb8 g5 54. Rh8+ Kg6 55. g3 gxf4+ 56. gxf4 a3 57. bxa3 Bxa3 58. Ke4 Rb5 59. Rg8+
Kh7 60. Rg7+ Kh6 61. Rxf7 Rb2 62. Rf6+ Kh7 63. Ra6 Bf8 64. Bf6 Re2+ 65. Kf5 Rh2
66. h4 Rh3 67. Ra7+ Kh6 68. Bg5# 1-0

[Event "Solingen-ch 2014"]
[Site "Solingen"]
[Date "2014.12.05"]
[Round "7.12"]
[White "Bauer, Matthias"]
[Black "Porstmann, Jan"]
[Result "1-0"]
[WhiteElo "1692"]
[BlackElo "1875"]
[PlyCount "115"]
[EventDate "2014.??.??"]
[WhiteTeam "SV Günnigfeld"]
[BlackTeam "SG Solingen"]

1. c4 e5 2. b3 Nc6 3. Bb2 Nf6 4. Nc3 g6 5. e3 Bg7 6. Nge2 d6 7. g3 Bf5 8. a3
O-O 9. Bg2 Re8 10. O-O Qd7 11. d4 exd4 12. Nxd4 Bh3 13. Nxc6 Bxg2 14. Kxg2 bxc6
15. Qd3 Re7 16. Ne2 Rae8 17. b4 Qg4 18. h3 Qd7 19. Bd4 a6 20. Nf4 Ne4 21. Bxg7
Kxg7 22. Qd4+ Kg8 23. Rad1 Ng5 24. Qf6 Re5 25. g4 Ne4 26. Qh4 g5 27. Qh6 gxf4
28. Qxf4 Qe7 29. Rd3 Qf6 30. f3 Qxf4 31. exf4 R5e6 32. fxe4 Rxe4 33. Rc3 {(=)}
Rd4 34. f5 Ree4 35. c5 d5 36. Rff3 Kg7 37. Rfe3 Kf6 38. Rxe4 Rxe4 39. Kf3 Ke5
40. Rb3 Kd4 41. h4 Kc4 42. Re3 Kd4 43. Rb3 Kc4 44. Re3 Rxe3+ 45. Kxe3 d4+ 46.
Kd2 Kb3 47. g5 Kxa3 48. h5 Kxb4 {(=)} 49. g6 hxg6 50. hxg6 fxg6 51. fxg6 a5 52.
g7 a4 53. g8=Q a3 54. Qa2 Kxc5 55. Qxa3+ Kc4 56. Qa4+ Kc5 57. Kd3 Kd5 58. Qxd4+
1-0

[Event "Solingen-ch 2014"]
[Site "Solingen"]
[Date "2014.12.05"]
[Round "7.13"]
[White "Ehringfeld, Michael"]
[Black "Meckel, Helmut"]
[Result "0-1"]
[WhiteElo "1428"]
[BlackElo "1832"]
[PlyCount "110"]
[EventDate "2014.??.??"]
[WhiteTeam "SG Solingen"]
[BlackTeam "SG Solingen"]

1. d4 Nf6 2. Nf3 e6 3. Bg5 c5 4. c3 d5 5. Qc2 Nc6 6. e3 h6 7. Bxf6 Qxf6 8. Nbd2
Bd7 9. Be2 Rc8 10. Qd3 a6 11. O-O cxd4 12. cxd4 Nb4 13. Qb3 b5 14. Rac1 Nc6 15.
Rc2 Bd6 16. Rfc1 O-O 17. a3 Na5 18. Qa2 g5 19. e4 Rxc2 20. Rxc2 Qe7 21. e5 Bb8
22. Ne1 Ba7 23. Nef3 g4 24. Ne1 f5 25. b4 Nc6 26. Nb3 Nxd4 27. Nxd4 Bxd4 28.
Nd3 Rc8 29. Rxc8+ Bxc8 30. Qc2 Bb7 31. g3 Qg7 32. Nc5 Qc7 33. Kf1 Bxe5 34. Qd2
Bg7 35. Nxe6 Qc3 36. Qxc3 Bxc3 37. Nc5 Bc8 38. a4 Bxb4 39. Nd3 Bd6 40. axb5
axb5 41. Nc1 b4 42. Nb3 Kf7 43. f3 gxf3 44. Bxf3 Be6 45. Ke2 Be5 46. Kd3 Ke7
47. Na5 Kd6 48. Nb3 Bf7 49. Bg2 Bg6 50. Kd2 f4 51. g4 Be4 52. Bxe4 dxe4 53. h3
Kd5 54. Ke2 f3+ 55. Kf1 e3 0-1

[Event "Solingen-ch 2014"]
[Site "Solingen"]
[Date "2014.12.05"]
[Round "7.14"]
[White "Nink, Niklas"]
[Black "Kopernok, Ingo"]
[Result "1/2-1/2"]
[WhiteElo "1712"]
[BlackElo "1267"]
[PlyCount "103"]
[EventDate "2014.??.??"]
[WhiteTeam "SG Solingen"]
[BlackTeam "SG Solingen"]

1. b4 d5 2. Bb2 Bf5 3. e3 e6 4. c4 Nf6 5. b5 dxc4 6. Bxc4 Be4 7. Nf3 Ng4 8. O-O
Nd7 9. Nc3 Bxf3 10. Qxf3 Nde5 11. Qe2 Nxc4 12. Qxc4 h5 13. Ne4 Rh6 14. Rac1 f5
15. Nc5 Qd6 16. g3 O-O-O 17. h3 Ne5 18. Bxe5 Qxe5 19. d4 Qd6 20. Nd3 h4 21. Ne5
hxg3 22. fxg3 Be7 23. Kf2 Rxh3 24. Kg2 Rdh8 25. Kf3 Bf6 26. Qc5 Qxc5 27. Rxc5
Bxe5 28. Rxe5 Kd7 29. d5 R8h6 30. dxe6+ Rxe6 31. Rxf5 Rf6 32. Kg4 Rxf5 33. Rxf5
Rh2 34. a4 Ra2 35. Rf4 Ra3 36. Rd4+ Ke6 37. Kf4 c5 38. bxc6 bxc6 39. e4 c5 40.
Rc4 g5+ 41. Kg4 Kd6 42. Kxg5 Rxg3+ 43. Kf4 Rd3 44. Kf5 Rf3+ 45. Kg4 Rd3 46. Kf4
Rd4 47. Rxd4+ cxd4 48. e5+ Ke6 49. Ke4 d3 50. Kxd3 Kxe5 51. Kc4 Kd6 52. Kb5
1/2-1/2

[Event "Solingen-ch 2014"]
[Site "Solingen"]
[Date "2014.12.05"]
[Round "7.15"]
[White "Schubert, Stefan"]
[Black "Boschek, Dr. Hans-Joachim"]
[Result "0-1"]
[WhiteElo "1185"]
[BlackElo "1901"]
[PlyCount "94"]
[EventDate "2014.??.??"]
[WhiteTeam "SG Solingen"]
[BlackTeam "SG Solingen"]

1. c4 f5 2. g3 Nf6 3. Bg2 e5 4. d3 Nc6 5. Nc3 Be7 6. f4 d6 7. e4 O-O 8. Nge2
fxe4 9. Nxe4 Bg4 10. Qd2 Qe8 11. O-O Qh5 12. N4c3 Bh3 13. Rf2 Bxg2 14. Rxg2
Rad8 15. Nd5 Nxd5 16. cxd5 Nd4 17. Nxd4 exd4 18. Qe2 Qf7 19. Qe6 Rde8 20. Qxf7+
Kxf7 21. Re2 Bf6 22. Rxe8 Rxe8 23. Kf2 c6 24. dxc6 {(=)} bxc6 25. Bd2 Rb8 26.
b4 Be7 27. a3 Ke6 28. Re1+ Kd7 29. Rb1 Rb6 30. a4 a6 31. Kf3 d5 32. g4 c5 33.
b5 c4 34. dxc4 dxc4 35. Bb4 Re6 36. bxa6 Rxa6 37. Bxe7 Kxe7 38. Rb4 Rc6 39. a5
c3 40. Rb7+ Kd6 41. Rb4 Kc5 42. Rb1 Re6 43. Rc1 Kc4 44. f5 Ra6 45. Ra1 c2 46.
Ke2 Kc3 47. Ra3+ Kb2 0-1

[Event "Solingen-ch 2014"]
[Site "Solingen"]
[Date "2014.12.05"]
[Round "7.16"]
[White "Falge, Rainer"]
[Black "Sherif, Malik"]
[Result "0-1"]
[WhiteElo "1721"]
[BlackElo "1454"]
[PlyCount "62"]
[EventDate "2014.??.??"]
[WhiteTeam "SG Solingen"]
[BlackTeam "SG Solingen"]

1. e4 e5 2. Nf3 Nc6 3. Bc4 Bc5 4. c3 d6 5. h3 Nf6 6. d3 h6 7. Nbd2 O-O 8. Nf1
Ne7 9. Nh4 c6 10. Be3 Bxe3 11. Nxe3 d5 12. exd5 cxd5 13. Bb3 Nc6 14. O-O Re8
15. Qd2 d4 16. Nef5 e4 17. Nxh6+ gxh6 18. Qxh6 Re5 19. Qg6+ Kh8 20. Bxf7 Rh5
21. Qg3 Rh6 22. dxe4 Nxe4 23. Qf4 Qxh4 24. Qxh4 Rxh4 25. cxd4 Nxd4 26. Rad1 Ng5
27. Bd5 Ne2+ 28. Kh2 Nf4 29. Bb3 Bxh3 30. gxh3 Rxh3+ 31. Kg1 Nf3# 0-1

[Event "Solingen-ch 2014"]
[Site "Solingen"]
[Date "2014.12.05"]
[Round "7.17"]
[White "Schubert, Florian"]
[Black "Barche, Robert"]
[Result "0-1"]
[WhiteElo "971"]
[BlackElo "1350"]
[PlyCount "50"]
[EventDate "2014.??.??"]
[WhiteTeam "SG Solingen"]
[BlackTeam "SG Solingen"]

1. e4 e6 2. Nf3 d5 3. Nc3 Nf6 4. d3 Bb4 5. Bd2 c5 6. e5 Nfd7 7. Be2 Nc6 8. Bg5
Qb6 9. a3 Ba5 10. Bf4 d4 11. b4 cxb4 12. Na4 bxa3+ 13. Bd2 Bxd2+ 14. Qxd2 Qb4
15. Qxb4 Nxb4 16. Nxd4 b5 17. Nc3 a6 18. Rxa3 Nxe5 19. f4 Nec6 20. Nxc6 Nxc2+
21. Kd1 Nxa3 22. Bf3 Bd7 23. Kc1 Rc8 24. Kb2 Bxc6 25. Kxa3 Bxf3 0-1

[Event "Solingen-ch 2014"]
[Site "Solingen"]
[Date "2014.12.05"]
[Round "7.18"]
[White "Barche, Uwe"]
[Black "Littek, Oliver"]
[Result "1-0"]
[WhiteElo "1467"]
[BlackElo "972"]
[PlyCount "59"]
[EventDate "2014.??.??"]
[WhiteTeam "SG Solingen"]
[BlackTeam "SG Solingen"]

1. c4 Nf6 2. g3 e6 3. Bg2 Nc6 4. Nf3 d5 5. O-O Bd6 6. cxd5 exd5 7. e3 O-O 8.
Nc3 Bg4 9. Qa4 Ne5 10. Nxe5 Bxe5 11. Nxd5 Nxd5 12. Qxg4 Nf6 13. Qf5 Re8 14.
Bxb7 Rb8 15. Bf3 Bxb2 16. Rb1 Bxc1 17. Rxb8 Qxb8 18. Rxc1 Qd8 19. d4 g6 20. Qc5
Re7 21. Qxa7 c5 22. Qxc5 Ne4 23. Bxe4 Rxe4 24. a4 Rg4 25. Qc8 Qxc8 26. Rxc8+
Kg7 27. a5 Rg5 28. Rc5 Rg4 29. a6 Re4 30. Re5 1-0